• 首页
  • 本馆介绍
  • 公告通知
  • 最新文献
  • 馆藏检索
  • 电子资源
  • 读者导购
  • 参考咨询
  • 我的图书馆
  • 登录
  • 详细信息显示
  • 放入我的书架
  • 预约/预借图书
  • 作者相关作品
  • 分类相关作品
  • 丛书相关作品
  • 出版社相关作品

书目信息

  • 表格格式
  • 工作单格式
  • 卡片格式
题名:
安全生产法律常识案例读本
    
 
作者: 邵明艳 , 娄宇红 主编
分册:  
出版信息: 北京   中国法制出版社  2019
页数: 10,212页
开本: 24cm
丛书名: 法官说法丛书
单 册:
中图分类: D922.544 , D922.54
科图分类:
主题词: 安全生产--安全法规--基本知识--中国
电子资源:
ISBN: 978-7-5216-0339-2
000 01007nam0 2200265 450
001 2256080003
005 20220928153504.15
010    @a978-7-5216-0339-2@dCNY39.80
100    @a20191031d2019 em y0chiy50 ea
101 0  @achi
102    @aCN@b110000
105    @ay z 000yy
200 1  @a安全生产法律常识案例读本@9an quan sheng chan fa lv chang shi an li du ben@f邵明艳,娄宇红主编
210    @a北京@c中国法制出版社@d2019
215    @a10,212页@d24cm
225 2  @a法官说法丛书@v5
330    @a本书共分为四个篇章,分别为“刑事责任”、“民事责任”、“劳动者权益”、“行政监管”,从四个角度讲述有关安全生产的法律故事,汇总时下有关安全生产的热点话题,精选相关法律要点,对典型案例作了评析,对相关联的法律条文进行了解读。
461  0 @12001 @a法官说法丛书
606 0  @a安全生产@x安全法规@x基本知识@y中国
690    @aD922.544@v5
690    @aD922.54@v4
701  0 @a邵明艳@9shao ming yan@4主编
701  0 @a娄宇红@9lou yu hong@4主编
801  0 @aCN@b91MARC@c20191203
905    @aZUCC@dD922.54@e12
    
    安全生产法律常识案例读本/邵明艳,娄宇红主编.-北京:中国法制出版社,2019
    10,212页;24cm.-(法官说法丛书;5)
    
    
    ISBN 978-7-5216-0339-2:CNY39.80
    本书共分为四个篇章,分别为“刑事责任”、“民事责任”、“劳动者权益”、“行政监管”,从四个角度讲述有关安全生产的法律故事,汇总时下有关安全生产的热点话题,精选相关法律要点,对典型案例作了评析,对相关联的法律条文进行了解读。
●
相关链接 在五车中查询图书 在当当中查询图书 在豆瓣中查询图书


正题名:安全生产法律常识案例读本     索取号:D922.54/12         预约/预借

序号 登录号 条形码 馆藏地/架位号 状态 备注
1 2000904760   2000904760   第三书库/ [索取号:D922.54/12] 在馆    
2 2000904761   2000904761   第三书库/ [索取号:D922.54/12] 在馆    
3 2000904762   2000904762   第三书库/ [索取号:D922.54/12] 在馆    
山东省滨州职业学院图书馆 欢迎您!
大连网信软件有限公司© 版权所有